000 00772nam a2200241 a 4500
001 000081488
005 20200120224545.0
008 161122s2015 sp a|||gr|||| 000 ||spa d
020 _a9788494429583
041 0 _a/+spa
043 _as-sp---
090 _aC
_bMULTHa
100 1 _aMüller, Thomas
245 1 0 _aUn año con las cigüeñas /
_cThomas Müller ;traducción de Juan Manuel Miera.
260 _aBarcelona :
_bLóguez Ediciones,
_c2015.
300 _a[36] páginas :
_bilustraciones a color.
650 1 7 _aCuentos infantiles
_2LEMB
650 2 7 _aLiteratura infantil
_2LEMB
650 2 7 _aAnimales en la literatura
_2LEMB
650 2 7 _aAves en la literatura
_2LEMB
650 2 7 _aLibros ilustrados para niños
_2LEMB
700 1 _aMIera, Juan Manuel,
_etraductor
999 _c9900
_d9900